Loading...
| Current Events - Current Events | 1 | 20.00 | 100% | 100% | 0% |
| Fine Arts - Auditory Fine Arts | 4 | 12.50 | 25% | 50% | 50% |
| Fine Arts - Other Fine Arts | 5 | 10.00 | 40% | 40% | 20% |
| Fine Arts - Visual Fine Arts | 5 | 16.00 | 80% | 60% | 20% |
| Geography - Geography | 3 | 16.67 | 0% | 100% | 67% |
| History - American History | 4 | 15.00 | 50% | 25% | 75% |
| History - European History | 4 | 20.00 | 50% | 75% | 75% |
| History - Other History | 3 | 23.33 | 67% | 100% | 67% |
| History - World History | 1 | 10.00 | 0% | 0% | 100% |
| Literature - American Literature | 4 | 12.50 | 75% | 50% | 0% |
| Literature - British Literature | 4 | 17.50 | 50% | 25% | 100% |
| Literature - European Literature | 4 | 12.50 | 0% | 75% | 50% |
| Literature - World Literature | 3 | 20.00 | 67% | 33% | 100% |
| Mythology - Mythology | 4 | 17.50 | 50% | 50% | 75% |
| Philosophy - Philosophy | 2 | 20.00 | 50% | 100% | 50% |
| Religion - Religion | 1 | 20.00 | 100% | 0% | 100% |
| Science - Biology | 6 | 10.00 | 33% | 0% | 67% |
| Science - Chemistry | 5 | 14.00 | 60% | 40% | 40% |
| Science - Other Science | 3 | 16.67 | 33% | 100% | 33% |
| Science - Physics | 3 | 13.33 | 67% | 33% | 33% |
| Social Science - Social Science | 3 | 10.00 | 33% | 33% | 33% |
| Trash - Trash | 1 | 10.00 | 0% | 0% | 100% |